000 00855nam a2200325 a 4500
003 AR-BaBNM
005 20251128205405.0
008 082120s2002 ||||||||||||||000 | spa||
020 _a950-843-185-7
040 _cAR-BaBNM
100 1 _aGarcía, María Cristina
245 0 0 _aVerdades a destiempo
_btestimonio de un hijo adoptivo
260 _aBuenos Aires
_bVinciguerra
_c1996
300 _a47 p.
650 4 _aLITERATURA ARGENTINA
650 4 _aBIOGRAFIAS
650 4 _aTESTIMONIOS
650 4 _aPSICOLOGIA DEL NIÑO
650 4 _aPSICOLOGIA DEL DESARROLLO
650 4 _aNIÑOS
650 4 _aFAMILIA
650 4 _aADOPCION
650 4 _aMEDIO FAMILIAR
650 4 _aPROBLEMAS SOCIALES
653 _aNARRATIVA
655 _aLITERATURA
700 1 _aDreispiel de Sigal, Ana Lía
_eprologuista
942 _cBK
998 _cMARTIN
999 _c11223
_d11223